00425nam a2200169Ia 4500008004100000020001500041245004200056245004100098260001500139260001600154260000900170300001400179300002500193300001000218500000800228999001900236170705s9999 xx 000 0 und d a7807300350 4aThe principal from the black lagoon / cMike Thaler ; pictures by Jared Lee. aNew York : bScholastic, c1993 aunpaged : bcolor illustration ; c20cm. a330 c335526d335526